One Piece tous les Personnages Pré-ellipse par Images - Statistiques

Statistiques générales
  • Ce quiz a été pris 326 fois
    11 depuis la dernière actualisation
  • Le résultat moyen est 184 sur 470
Statistiques - réponses
Par images Réponse % Correct
Brook
100%
Franky (Cutty Flam)
100%
Going Merry / Vogue Merry
100%
Gol D. Roger
100%
Jinbe
100%
Monkey D. Luffy
100%
Nami
100%
Nico Robin (Miss Allsunday)
100%
Roronoa Zoro
100%
Shanks
100%
Tony Tony Chopper
100%
Usopp
100%
Vinsmoke Sanji
100%
Arlong
88%
Baggy / Buggy
88%
Crocodile (Mr. 0)
88%
Donquixote Doflamingo
88%
Dracule Mihawk
88%
Edward Newgate (Barbe Blanche)
88%
Laboon
88%
Lucky Roux / Lucky Roo
88%
Marshall D. Teach (Barbe Noire)
88%
Nefertari D. Vivi (Miss Wednesday)
88%
Portgas D. Ace
88%
Thousand Sunny
88%
Wapol
88%
Yasopp
88%
Bell-mère / Belmer
75%
Benn Beckman / Ben Beckmann
75%
Blueno
75%
Crocus
75%
Daz Bonez / Daz Bones (Mr. 1)
75%
Enel / Ener
75%
Gaimon
75%
Kaku
75%
Koby
75%
Krieg
75%
Kuro (Klahadore / Klahadoll)
75%
Kuzan (Aokiji)
75%
Monkey D. Dragon
75%
Morgan
75%
Rob Lucci
75%
Shimotsuki Kuina
75%
Smoker
75%
Sogeking / Sniperking
75%
Tashigi
75%
Zeff
75%
Alvida
63%
Babe (Mr. 4)
63%
Bartholomew Kuma
63%
Basil Hawkins
63%
Bellamy
63%
Bentham (Mr. 2 Bon Kurei / Bon Clay)
63%
Bepo
63%
Boa Hancock
63%
Borsalino (Kizaru)
63%
Brogy
63%
Capone Bege
63%
Cerberus / Cerbère
63%
Chaka
63%
Dorry
63%
Drophy (Miss Merrychristmas)
63%
Emporio Ivankov
63%
Eustass Kid / Kidd
63%
Foxy
63%
Fullbody
63%
Galdino (Mr. 3)
63%
Gecko Moria
63%
Gem (Mr. 5)
63%
Gin
63%
Helmeppo / Hermep
63%
Hiluluk / Hiriluk
63%
Icebarg / Iceburg
63%
Igaram (Mr. 8)
63%
Jewelry Bonney
63%
Kalifa
63%
Karoo / Kaloo
63%
Kaya
63%
Killer (Kamazo)
63%
Kokoro
63%
Magellan
63%
Marco
63%
Merry
63%
Mikita (Miss Valentine)
63%
Miss Monday
63%
Monkey D. Garp
63%
Montblanc Noland / Norland
63%
Mr. 9
63%
Nico Olvia
63%
Nojiko
63%
Ohm
63%
Pandaman
63%
Paulie
63%
Pell
63%
Penguin
63%
Sabo
63%
Sakazuki (Akainu)
63%
Scopper Gaban
63%
Scratchmen Apoo
63%
Sengoku
63%
Shiki
63%
Shimotsuki Ryuma
63%
Shiryu / Shiliew
63%
Silvers Rayleigh
63%
Spandam
63%
Tom
63%
Trafalgar D. Water Law
63%
Vista
63%
Wyper
63%
X Drake
63%
Absalom
50%
Aisa
50%
Avalo Pizarro
50%
Bastille
50%
Blamenco
50%
Boa Marigold
50%
Boa Sandersonia
50%
Cabaji
50%
Catarina Devon
50%
Chadros Higelyges (Barbe Brune)
50%
Charlotte Lola / Laura
50%
Chew / Smack
50%
Chimney
50%
Chouchou
50%
Clou D. Clover
50%
Conis
50%
Curiel
50%
Curly Dadan
50%
Dalmatian / Dalmatien
50%
Dalton / Dolton
50%
Doc Q
50%
Ethanbaron V. Nusjuro
50%
Gan Fall / Gan Forr
50%
Gedatsu
50%
Gloriosa (Nyon)
50%
Hannyabal
50%
Hatchan / Octy
50%
Heracles
50%
Higuma
50%
Hina
50%
Hogback
50%
Inazuma
50%
Izou / Izô
50%
Jabra / Jabura
50%
Jaguar D. Saul / Haguar D. Sauro
50%
Jango
50%
Jaygarcia Saturn
50%
Jean Bart
50%
Jesus Burgess
50%
Jozu / Joz
50%
Kalgara
50%
Kiwi
50%
Kong
50%
Koza
50%
Kureha
50%
Laffitte
50%
Little Oars Jr. / Little Oz Jr.
50%
Makino
50%
Marcus Mars
50%
Masira
50%
Momonga
50%
Momoo / Meuh-Meuh
50%
Monster
50%
Montblanc Cricket
50%
Mozu
50%
Mr. 13
50%
Nefertari D. Cobra
50%
Oars / Oz
50%
Pearl
50%
Perona
50%
Pierre
50%
Piiman / Piment
50%
Portgas D. Rouge
50%
Richie
50%
Rockstar
50%
Rosward Charlos
50%
Sanjuan Wolf
50%
Satori
50%
Shakuyaku (Shakky)
50%
Shepherd Ju Peter
50%
Shura
50%
Stronger
50%
T Bone
50%
Tilestone
50%
Tsuru
50%
Urouge
50%
Van Augur
50%
Vasco Shot
50%
Zala (Miss Doublefinger)
50%
Andre
38%
Aphelandra
38%
Basilisk / Basilic
38%
Bonk Punch
38%
Braham
38%
Building Snake
38%
Camie / Keimi
38%
Cowboy
38%
Disco
38%
Doberman
38%
Domino
38%
Duval
38%
Frères Decalvan
38%
Fukurou / Fukurô
38%
Funkfreed
38%
Fuza
38%
Genzo
38%
Gomorrah / Gomorrhe
38%
Gonbe
38%
Hamburg
38%
Haredas
38%
Hattori
38%
Heat
38%
Hotori
38%
John
38%
John Giant
38%
Johnny
38%
Kamakiri
38%
Kashii
38%
Kingdew
38%
Kotori
38%
Kumadori
38%
Kumashi / Kumacy
38%
Kuroobi
38%
Lassoo
38%
Lily
38%
Limejuice
38%
Lola / Laura (Zombie)
38%
Macro
38%
Marguerite / Margaret
38%
Marianne (Miss Goldenweek)
38%
McGuy
38%
Minokoala
38%
Minorhinoceros
38%
Minotaurus / Minotaure
38%
Minozebra / Minozèbre
38%
Miss Friday
38%
Mohji / Morge
38%
Mousse
38%
Mr. 10
38%
Namur
38%
Ninjin / Carotte
38%
Oimo
38%
Onigumo
38%
Pacifistas
38%
Pagaya
38%
Pappag
38%
Patty
38%
Peeply Lulu
38%
Porche
38%
Raki / Laki
38%
Rakuyo
38%
Rosward Rosward / Roswald
38%
Rosward Shalria / Sharlia
38%
Sadi
38%
Saldeath
38%
Salome
38%
Sarquiss
38%
Sentomaru
38%
Shachi
38%
Shelly
38%
Shoujou / Shôjô
38%
Shu
38%
Sodom
38%
Sphinx
38%
Strawberry
38%
Su / Soo
38%
Sweet Pea
38%
Tamanegi / Oignon
38%
Thatch
38%
Tonjit
38%
Topman Warcury
38%
Toto
38%
Victoria Cindry (Zombies)
38%
Wanze
38%
Wire
38%
Yokozuna
38%
Zambai
38%
Amazon
25%
Ancien Mr. 7
25%
And
25%
A O
25%
Atmos
25%
Bacura
25%
Banchi
25%
Banchina / Bankina
25%
Bas
25%
Blenheim
25%
Bluejam
25%
Bogard
25%
Boodle
25%
Brannew / Brandnew
25%
Buchi
25%
Cancer
25%
Carne
25%
Chabo
25%
Chef des Shandias
25%
Chess
25%
Dogra
25%
Epoida
25%
Fossa
25%
Frères Risky (Zombies)
25%
Ganzui
25%
Genbo
25%
Gorilla
25%
Haruta
25%
Hasami / Pincemi
25%
Holy
25%
Hongo
25%
Hoop Slap / Woop Slap
25%
Inuppe / Chienguin
25%
Ipponmatsu
25%
Islewan
25%
Jigoro
25%
Kerville
25%
Kuromarimo
25%
Lacroix
25%
Magra
25%
Matsuge / Longs-Cils
25%
McKinley
25%
Michael
25%
Miss Father's Day
25%
Miss Thursday
25%
Miss Tuesday
25%
Mr. 11
25%
Mr. 7
25%
Nefertari D. Titi
25%
Nero
25%
Nezumi
25%
Nola / Nora
25%
Pudding Pudding
25%
Rika
25%
Roshio
25%
Seto
25%
Sham
25%
Shimotsuki Koushirou / Kôshirô
25%
South Bird
25%
Spandine
25%
Speed Jiru / Speed Jill
25%
Squard / Squardo
25%
Stansen
25%
Sterry / Stelly
25%
Stomp
25%
Tyrannosaurus / Tyrannosaure
25%
Very Good
25%
Victoria Cindry
25%
Whitey Bay
25%
Yama
25%
Yosaku
25%
Amadob
13%
Arrow
13%
Bao
13%
Barrel
13%
Belladonna
13%
Big Pan
13%
Bizarre
13%
Blondie
13%
Blue Fan
13%
Bourbon Jr.
13%
Brahm
13%
Byron
13%
Capote / Capoty
13%
Chessmarimo
13%
Chuchun / Tweetums
13%
Comil / Comir
13%
Cosmos
13%
Dago
13%
Daisy
13%
Delacuaji
13%
Devil Dias
13%
Didit
13%
Doma
13%
Donovan
13%
Eddy
13%
Elmy
13%
Enishida
13%
Erik
13%
Farafra / Farafura
13%
Footbianco
13%
Frères Risky
13%
Gatherine
13%
Gill Bastar
13%
Gina
13%
Gyaro
13%
Gyoro
13%
Hewitt / Helwett
13%
Hikoichi
13%
Hildon
13%
Hocker
13%
Hoichael
13%
Hyota
13%
Indigo
13%
Itomimizu / Tubifex Lombric
13%
Ivan X / Iwan X
13%
Jalmack
13%
Jerry
13%
Jorge
13%
Kaba Shinshi / Hippo-Gentleman
13%
Kappa
13%
Karma
13%
Kashigami
13%
Kebi
13%
Kentauros
13%
Kikyo
13%
Kitton
13%
Kop
13%
Kotatsu
13%
Lacuba
13%
Laskey
13%
Lonz / Ronse
13%
Mani
13%
Mashikaku
13%
Masked Deuce
13%
Mihar
13%
Mikazuki
13%
Mizuira
13%
Monda
13%
Monstre de la Baie
13%
Moodie
13%
Motobaro
13%
Mozambia
13%
Muret / Mule
13%
Nako
13%
Negikuma Maria
13%
Nerine
13%
Nin
13%
Oran
13%
Ottoland
13%
Outlook III
13%
Palms
13%
Pascia
13%
Pekkori
13%
Peterman
13%
Pickles
13%
Porchemy
13%
Ramba
13%
Ran
13%
Rindo
13%
Ripper
13%
Ririka
13%
Rivers / Reverse
13%
Robson
13%
Roji
13%
Ross / Roth
13%
Sancrin
13%
Saru
13%
Shanba
13%
Sharinguru
13%
Shikiguma / Tapis-Ours
13%
Shima Kui / Gobe-Îles
13%
Skull
13%
Sonieh
13%
Soro
13%
Spoil
13%
Stainless
13%
Tamagon
13%
Tansui
13%
Tararan
13%
Taroimo
13%
Terracotta
13%
Tibany
13%
Tsumonsieur Kamaya
13%
Yamakaji
13%
Yorki
13%
Buhichuck
0%
Corgi
0%
Gab
0%
Gyogyo
0%
Kiev
0%
Schollzo
0%
Scotch
0%
Aucun quiz correspondant
Distribution des résultats
% des personnes avec chaque résultat
Percentile par nombre de réponses
Votre historique - résultats
Vous n’avez pas pris ce quiz depuis la dernière actualisation